000 00325nam a2200133 i 4500
001 bg
100 1 _aWARMUS, Mieczysław.
245 0 _aWykłady z probabilistyki.
_nT.1 i T.2 /
_cMieczysław Warmus.
260 _aWarszawa,
_c1973.
040 _cBPK
041 _apol
942 _cKS
008 s pl f |000 0 pol
999 _c199
_d199
856 _uhttp://koha.tu.koszalin.pl/cgi-bin/koha/opac-detail.pl?biblionumber=199
_yKatalog online BPK